Miss Universe Winners - Statistics

General Stats
  • This quiz has been taken 738 times
  • The average score is 53 of 62
Answer Stats
Year Name Country % Correct
1970 Marisol Malaret Puerto Rico
99%
1985 Deborah Carthy Deu Puerto Rico
99%
1993 Dayanara Torres Puerto Rico
99%
2001 Denise Quinones Puerto Rico
99%
2006 Zuleyka Rivera Puerto Rico
99%
1954 Miriam Stevenson United States
99%
1956 Carol Morris United States
99%
1960 Linda Bement United States
99%
1967 Silvia Hitchcock United States
99%
1980 Shawn Weatherly United States
99%
1995 Chelsi Smith United States
99%
1997 Brook Mahealani Lee United States
99%
2012 Olivia Culpo United States
99%
1959 Akiko Kojima Japan
95%
2007 Riyo Mori Japan
95%
1979 Martiza Sayalero Venezuela
94%
1981 Irene Saez Venezuela
94%
1986 Barbara Palacios Teyde Venezuela
94%
1996 Alicia Machado Venezuela
94%
2008 Dayana Mendoza Venezuela
94%
2009 Stefania Fernandez Venezuela
94%
2013 Maria Gabriela Isler Venezuela
94%
1982 Karen Dianne Baldwin Canada
92%
2005 Natalie Glebova Canada
92%
1991 Lupita Jones Mexico
92%
2010 Ximena Navarrete Mexico
92%
2002 Oxana Fedorova Russia
92%
1994 Sushmita Sen India
91%
2000 Lara Dutta India
91%
1972 Kerry Anne Wells Australia
90%
2004 Jennifer Hawkins Australia
90%
1958 Luz Marina Zuluaga Colombia
90%
1953 Christiane Martel France
88%
1963 Ieda Maria Vargas Brazil
87%
1968 Martha Vasconcellos Brazil
87%
1974 Amparo Munoz Quesada Spain
87%
1955 Hillevi Rombin Sweden
87%
1966 Margareta Arvidsson Sweden
87%
1984 Yvonne Ryding Sweden
87%
1952 Armi Kuusela Finland
86%
1975 Anne Marie Pohtamo Finland
86%
1969 Gloria Diaz Philippines
83%
1973 Margarita Moran Philippines
83%
1965 Apasra Hongsakula Thailand
82%
1988 Porntip Nakhirunkanok Thailand
82%
1961 Marlene Schmidt Germany
81%
1978 Margaret Gardiner South Africa
80%
1962 Norma Beatriz Nolan Argentina
79%
1957 Gladys Zender Peru
76%
1990 Mona Grudt Norway
75%
1987 Cecilia Bolocco Chile
74%
2011 Leila Lopes Angola
71%
2003 Amelia Vega Dominican Republic
68%
1983 Lorraine Downes New Zealand
67%
1989 Angela Visser Netherlands
66%
1964 Corinna Tsopei Greece
65%
1999 Mpule Kwelagobe Botswana
64%
1976 Rina Messinger Israel
62%
1977 Janelle Commissiong Trinidad and Tobago
61%
1998 Wendy Fitzwilliam Trinidad and Tobago
61%
1992 Michelle McLean Namibia
57%
1971 Georgina Rizk Lebanon
50%
No matching quizzes found
Score Distribution
Percent of People with Each Score
Percentile by Number Answered
Your Score History
You have not taken this quiz